| 000 | 01482nam a2200253Ia 4500 | ||
|---|---|---|---|
| 003 | Ost | ||
| 005 | 20260507075454.0 | ||
| 008 | 260507s9999||||xx |||||||||||||| ||und|| | ||
| 040 | _cfsecg | ||
| 041 | _aara | ||
| 082 | _a657.46 | ||
| 100 |
_aعطية، احمد صلاح _eمؤلف |
||
| 245 | 0 |
_aمبادئ المحاسبة المالية : _bنظام معلومات لخدمة متخذي القرارات / _c احمد صلاح عطية |
|
| 250 | _aطبعة 2 | ||
| 260 |
_aالاسكندرية: _bالدار الجامعية, _c2007 |
||
| 300 |
_a512 صفحة؛ _bإيضاحات ؛ _c24 سم |
||
| 504 | _aبيبليوغرافيا ص.496 | ||
| 520 | _aتناول هذا الكتاب طبيعة ومجالاته والأسس النظرية للمحاسبة المالية كما عرضت المعادلة المحاسبية ومعلومات القوائم المالية حيث ببصرة فصوله كالتالي مقدمة في نظام المحاسبة المالية ، القوائم المالية الأساسية ، الدورة المحاسبية ، الدورة المحاسبية : التسويات الجردية ، المحاسبة على الأصول المتداولة ، المحاسبة على الاصول الثابتة ، الأزمات وحقوق الملكية | ||
| 653 | _aاتخاذ قرار | ||
| 653 | _aالمحاسبة التحليلية | ||
| 653 | _aمحاسبة مالية | ||
| 653 | _aنظام معلومات | ||
| 942 | _cكتاب | ||
| 999 |
_c44653 _d44653 |
||